000 00429nam a2200181Ia 4500
005 20230520101249.0
008 131103s9999 xx 000 0 und d
040 _aLoreto College
041 _aEnglish
082 _a822.91
_bBEC
100 _aBeckett, Samuel
245 _aEndgame
_cSamuel Beckett
260 _aLondon
_bfaber & faber
_c1958
300 _a60p.
650 _aEnglish drama
850 _aLCLIB
942 _cBK
999 _c21964
_d72443